مكتبة جامعة عجلون الوطنية

فهرس بحث المكتبة

Normal view MARC view
  • الفتاوى الشرعية -- أسئلة وأجوبة -- الفتاوى الشرعية -- فهارس -- الفقه الإسلامي

Entry Topical Term

Number of records used in: 1

001 - CONTROL NUMBER

  • control field: 43622

003 - CONTROL NUMBER IDENTIFIER

  • control field: JO-AjAnu

005 - DATE AND TIME OF LATEST TRANSACTION

  • control field: 20230606081228.0

008 - FIXED-LENGTH DATA ELEMENTS

  • fixed length control field: 230606|| aca||aabn | a|a d

040 ## - CATALOGING SOURCE

  • Original cataloging agency: JO-AjAnu
  • Transcribing agency: JO-AjAnu

150 ## - HEADING--TOPICAL TERM

  • Topical term or geographic name entry element: الفتاوى الشرعية -- أسئلة وأجوبة -- الفتاوى الشرعية -- فهارس -- الفقه الإسلامي

670 ## - SOURCE DATA FOUND

  • Source citation: Work cat.: (JO-AjAnu)22334: الكويت، وزارة الأوقاف والشؤون الإسلامية، قطاع الإفتاء والبحوث الشرعية , author 43621, مجموعة الفتاوى الشرعية الصادرة عن قطاع الإفتاء والبحوث الشرعية، وزراة الأوقاف والشؤون الإسلامية، الكويت